| 000 | 00658nam a2200229 i 4500 | ||
|---|---|---|---|
| 001 | 98177 | ||
| 003 | ES-MaACL | ||
| 005 | 20230906182229.0 | ||
| 007 | t| | ||
| 008 | 050726s1952 sp ||||1| spa d | ||
| 080 | _a82-311.2"19" | ||
| 100 | 1 |
_aMarshall, Rosamond. _977137 |
|
| 245 | 1 | 3 |
_aLa mujer deseada : _bnovela / _cRosamond Marshall ; [traducción del inglés por J. Romero de Tejada]. |
| 250 | _a1ª ed. | ||
| 260 |
_aBarcelona : _bPlaneta, _c1952. |
||
| 300 |
_a337 p. ; _c20 cm. |
||
| 490 | 1 |
_aGoliat ; _v35 |
|
| 700 | 1 |
_aRomero de Tejada, J. _999376 |
|
| 830 | 1 |
_aGoliat ; _v35 _9181396 |
|
| 852 | 4 |
_aES-MaACL _jC-6897 |
|
| 999 |
_c98177 _d98177 |
||